| 000 | 01775nam a2200373 c 4500 | ||
|---|---|---|---|
| 003 | BLK | ||
| 005 | 20180420222130.0 | ||
| 008 | 180408b bul|||||r ||||||| ||bul|| | ||
| 010 | _aKNG00055108000 | ||
| 040 | _aBLK | ||
| 041 |
_aRUS _cRUS |
||
| 080 |
_aХудожествена обработка на дърво - Обгаряне (пирография), мозайка (интарзия), стругуване, резбарство, лакиране (Палех, Холуй, Жостово, Мстера, Федоскин _b745.51 _x(036) _z745.51(036) |
||
| 080 |
_aСкулптура. Общи въпроси _b730 _x.023(036) _z730.023(036) |
||
| 100 | 1 |
_aЯковлева, Ксения Георгиевна _eпърви автор _9283666 |
|
| 139 |
_aЯковлева, Ксения Георгиевна _bЯ 36 |
||
| 245 | 1 | 0 |
_aЛесная скульптура _cКсения Георгиевна Яковлева. |
| 257 | _aRUS | ||
| 260 |
_аМосква _bЛесн. пром-сть _c1988 _fМосква : типогр. ВО Внешторгиздат |
||
| 300 |
_a216 с. _bс ил. _c22 см |
||
| 380 | _a7 | ||
| 500 | _a83 000 тир. - Библиогр. с. 215. | ||
| 650 | 4 |
_aДърворезба - наръчници и ръководства _9279066 |
|
| 650 | 4 |
_aПриложно и декоративно изкуство - наръчници и ръководства _9268020 |
|
| 653 | _aприложни изкуства | ||
| 653 | _aдекоративно изкуство | ||
| 653 | _aдърворезба | ||
| 653 | _aнаръчници | ||
| 653 | _aръководства | ||
| 852 | _aЦб 135387 | ||
| 856 | 4 |
_qpdf _u |
|
| 856 | 4 |
_qpdf _u |
|
| 942 |
_cKNG _n0 |
||
| 944 |
_aCR _c25.08.2005 _lф / _kЛюдмила_Стоянова |
||
| 944 |
_aED _c21.11.2005 _lф / _k |
||
| 999 |
_c51206 _d51206 |
||